Nefrología / (Registro nro. 35828)

Detalles MARC
000 -CABECERA
Longitud fija campo de control 00715nam a2200229 4500
003 - • IDENTIFICADOR DELl NÚMERO DE CONTROL
Identificador del número de control CO-ViMGA
020 ## - • NÚMERO INTERNACIONAL NORMALIZADO PARA LIBROS
Número Internacional Normalizado para Libros (ISBN) 9789589076668
040 ## - FUENTE DE LA CATALOGACIÓN
Centro catalogador de origen CO-ViMGA
Lengua de catalogación spa
Centro transcriptor CO-ViMGA
082 04 - • NÚMERO DE LA CLASIFICACIÓN DECIMAL DEWEY
Número de clasificación (R) 617
Número del ítem V25n.
100 1# - • PUNTO DE ACCESO PRINCIPAL-NOMBRE DE PERSONA
Nombre de persona Vélez A. Hernán
245 10 - • TITULO PROPIAMENTE DICHO
Título Nefrología /
Mención de responsabilidad, etc. Hernán Vélez A.
250 ## - • MENCIÓN DE EDICIÓN
Mención de edición 5a. ed.
300 ## - • DESCRIPCIÓN FÍSICA
Extensión 577 p.
Otras características físicas Il laminas, dibujos. ; 22 cm.
490 ## - • MENCIÓN DE SERIE
Mención de serie Fundamentos de Médicina
500 ## - • NOTA GENERAL
Nota general Índice Analítica
650 14 - • PUNTO DE ACCESO ADICIONAL DE MATERIA - TÉRMINO DE MATERIA
Término de materia o nombre geográfico como elemento inicial Ciencias Médicas
700 1# - • PUNTO DE ACCESO ADICIONAL - NOMBRE DE PERSONA
Nombre de persona Borrero R, Jaime
Término indicativo de función coaut.
700 1# - • PUNTO DE ACCESO ADICIONAL - NOMBRE DE PERSONA
Nombre de persona Restrepo M, Jorge
Término indicativo de función coaut.
700 1# - • PUNTO DE ACCESO ADICIONAL - NOMBRE DE PERSONA
Nombre de persona Rojas M, William
Término indicativo de función coaut.
942 ## - ENTRADA DE ELEMENTOS AGREGADOS (KOHA)
Fuente de clasificaión o esquema Dewey Decimal Classification
Koha [por defecto] tipo de item LIbro
Existencias
Perdido Fuente de clasificación o esquema Estado Físico No para préstamo Forma de adquisición Localización permanente Localización actual Fecha adquisición Préstamos totales Signatura completa Código de barras Fecha última consulta Número de copia Fecha del precio de reemplazo Tipo de item de Koha
  Dewey Decimal Classification     Sala Especializada Tercer Piso Biblioteca Pública Germán Arciniegas - Villavicencio Biblioteca Pública Germán Arciniegas - Villavicencio 08/31/2016   617 V25n 31.000 08/31/2016 Ej. 1 08/31/2016 LIbro









Instituto Departamental de Cultura del Meta - Red Departamental de Bibliotecas Públicas del Meta.